| 000 | 00392nam a2200181Ia 4500 | ||
|---|---|---|---|
| 005 | 20260330164143.0 | ||
| 020 | _a9781408264331 | ||
| 050 | _aHB 139 .S765/ | ||
| 100 | _aStock, James H. | ||
| 245 | 0 | _aIntroduction to econometrics | |
| 250 | _a3rd ed. | ||
| 260 | _aNew Delhi | ||
| 260 | _bPearson | ||
| 260 | _c2011 | ||
| 300 | _a827p. | ||
| 650 | _aEconometrics. | ||
| 942 |
_cBK _2lcc |
||
| 999 |
_c44207 _d44207 |
||